| 000 | 00801nam a22001577a 4500 | ||
|---|---|---|---|
| 003 | OSt | ||
| 005 | 20151005132502.0 | ||
| 008 | 151005b xxu||||| |||| 00| 0 eng d | ||
| 040 | _cRUA | ||
| 082 | _aAVM NOU 2005 B075 Or.1 | ||
| 100 |
_92033 _aNOU CHANVEASNA |
||
| 245 | _aThe study of digetibility of dried sweet potato vine on local chicken at the animal experimental station of rua, (ការសិក្សាពីភាពរលាយនៃទងដំឡូងជ្វាក្រៀមលើពូជមាន់ក្នុងស្រុក នៅស្ថានីយ៍ពិសោធន៍សត្វ នៃសាកលវិទ្យាល័យភូមិន្ទកសិកម្ម) | ||
| 260 |
_aphnom penh _bRUA _c2005 |
||
| 300 |
_aix, 36p. _bill. _c29cm. |
||
| 942 |
_2ddc _cAVM |
||
| 999 |
_c1920 _d1920 |
||